| 000 | 00487nmm a2200157Ia 4500 | ||
|---|---|---|---|
| 008 | 251105s9999||||xx |||||||||||||||||und|| | ||
| 020 | _a9788471126764 | ||
| 041 | _aspa | ||
| 100 | _aSlee, Roger | ||
| 245 | 0 |
_aLa escuela extraordinaria : _b Exclusión, escolarización y educación inclusiva |
|
| 264 |
_a[Madrid, España] : _bEdiciones Morata S.L., _c2012 |
||
| 300 | _a264 páginas | ||
| 650 | _aEducation | ||
| 856 | _uhttps://public.digitaliapublishing.com/a/24047 | ||
| 942 | _cCF | ||
| 999 |
_c84794 _d84794 |
||